[Event "AUTO-ADV-3056"]
[Site "http://www.queenalice.com/game.php?id=1249577"]
[Date "2014.1.19"]
[Round "1"]
[White "AlfilesDelRey"]
[Black "areis"]
[Result "1-0"]
[WhiteElo "1837"]
[BlackElo "1953"]

1. Nf3 Nf6 2. c4 c5 3. Nc3 g6 4. h3 Bg7 5. Qb3 a6 6. d3 Nc6 7. e4 d6 8. Bd2 O-O
9. g4 Rb8 10. Ne2 b5 11. Bc3 bxc4 12. Qxc4 Nd7 13. Bxg7 Kxg7 14. h4 Nde5 15. Qc3
Bxg4 16. Nxe5 Nxe5 17. f4 f6 18. fxe5 dxe5 19. Ng3 Rc8 20. Bh3 Qd7 21. Bf1 Bf3
22. Rg1 e6 23. Be2 Bxe2 24. Kxe2 Qb5 25. a3 Rfd8 26. Rad1 Rd4 27. Nh5+ Kf7 28.
Rg3 Rxe4+ 29. Kf3 Rxh4 30. Nxf6 Kxf6 31. Re1 Rd4 32. Kg2 Rb8 33. Rf1+ Kg7 34. b4
Rc8 35. Rgf3 Qc6 36. Kh3 cxb4 37. Rf7+ Kg8 38. Rf8+ Kg7 39. R1f7+ Kh6 40. Qd2+
g5 41. Rf6+ Kh5 42. Qe2+ g4+ 43. Kg3 Rxd3+ 44. Qxd3 e4 45. Rxc8 Qxc8 46. Qf1
Qc3+ 47. Kh2 b3 48. Rxe6 Kg5 49. Rxe4 b2 50. Qf4+ Kg6 51. Re6+ Kg7 52. Qg5+ Kf8
53. Qf5+ Kg8 54. Re8+ Kg7 55. Re7+ 1-0

[Event "AUTO-ADV-3056"]
[Site "http://www.queenalice.com/game.php?id=1249598"]
[Date "2014.1.19"]
[Round "1"]
[White "ignacius"]
[Black "AlfilesDelRey"]
[Result "0-1"]
[WhiteElo "1915"]
[BlackElo "1805"]

1. d4 d5 2. c4 g6 3. cxd5 Bf5 4. Nc3 a6 5. e4 Bd7 6. Nf3 Bg4 7. Be2 Bg7 8. Ne5
Bxe2 9. Qxe2 h5 10. Bf4 h4 11. h3 Rh5 12. Qf3 Bxe5 13. dxe5 Nd7 14. e6 fxe6 15.
O-O-O e5 16. Be3 Ndf6 17. g3 Qd7 18. g4 Rh7 19. Bc5 Rf7 20. Qd3 b6 21. Ba3 Qc8
0-1

[Event "AUTO-ADV-3056"]
[Site "http://www.queenalice.com/game.php?id=1249599"]
[Date "2014.1.19"]
[Round "1"]
[White "AlfilesDelRey"]
[Black "ignacius"]
[Result "1-0"]
[WhiteElo "1783"]
[BlackElo "1937"]

1. Nf3 b6 2. c4 Bb7 3. Nd4 e5 4. Nf5 Qf6 5. Ng3 Nh6 6. f3 Bc5 7. e3 O-O 8. e4
Nc6 9. d3 Qd6 10. a3 Qd4 11. Qe2 Na5 12. Bxh6 Nb3 13. Bxg7 Nc1 14. Kd1 Nxe2 15.
Bxe2 Qxb2 16. Bxe5 Qxe5 17. Ra2 Be3 18. Nf5 Bf2 19. f4 Qf6 20. Rf1 Bc5 21. Bg4
Rad8 22. e5 1-0

[Event "AUTO-ADV-3056"]
[Site "http://www.queenalice.com/game.php?id=1275496"]
[Date "2014.4.23"]
[Round "2"]
[White "marno"]
[Black "AlfilesDelRey"]
[Result "1-0"]
[WhiteElo "1936"]
[BlackElo "1845"]

1. e4 c5 2. Nc3 e6 3. Nf3 Bd6 4. d4 h6 5. Bc4 a6 6. O-O g5 7. e5 cxd4 8. Qxd4
Be7 9. a3 Qc7 10. Re1 Bc5 11. Qg4 b5 12. Bb3 Qb6 13. Be3 Nc6 14. Rad1 Bb7 15.
Bxc5 Qxc5 16. Ne4 Nxe5 17. Nxe5 Bxe4 18. Qxe4 Ra7 19. Nxd7 Rxd7 20. Qa8+ Ke7 21.
Rxd7+ Kf6 22. Qf3+ Qf5 23. Rxf7+ 1-0

[Event "AUTO-ADV-3056"]
[Site "http://www.queenalice.com/game.php?id=1275497"]
[Date "2014.4.23"]
[Round "2"]
[White "AlfilesDelRey"]
[Black "marno"]
[Result "1-0"]
[WhiteElo "1826"]
[BlackElo "1959"]

1. e4 e6 2. Nf3 c5 3. d4 cxd4 4. Nxd4 a6 5. Bd3 Qb6 6. c3 Bc5 7. Qd2 Bxd4 8.
cxd4 Qxd4 9. Qc2 Nf6 10. Be3 Qe5 11. Qxc8+ 1-0

[Event "AUTO-ADV-3056"]
[Site "http://www.queenalice.com/game.php?id=1275501"]
[Date "2014.4.23"]
[Round "2"]
[White "phystutordotcom"]
[Black "AlfilesDelRey"]
[Result "1-0"]
[WhiteElo "2523"]
[BlackElo "1847"]

1. Nf3 d6 2. g3 Bg4 3. Bg2 c6 4. O-O e5 5. d4 e4 6. Ng5 d5 7. f3 h6 8. Nxf7 Kxf7
9. fxg4+ Ke6 10. c4 Nf6 11. Nc3 Bb4 12. cxd5+ cxd5 13. g5 Ng4 14. Bxe4 dxe4 15.
Qb3+ Kd7 16. Qxb4 Kc8 17. Rf7 Nd7 18. Nb5 hxg5 19. Nd6+ 1-0

[Event "AUTO-ADV-3155"]
[Site "http://www.queenalice.com/game.php?id=1285189"]
[Date "2014.5.31"]
[Round "1"]
[White "novoselic"]
[Black "AlfilesDelRey"]
[Result "0-1"]
[WhiteElo "2066"]
[BlackElo "1948"]

1. e4 e5 2. f4 exf4 3. d4 g5 4. Nf3 Bb4+ 5. c3 Ba5 6. Bc4 g4 7. Ne5 Nh6 8. Bxf4
d6 9. O-O Be6 10. Bxh6 dxe5 11. d5 Bd7 12. d6 Be6 13. Bxe6 fxe6 14. Qxg4 Kd7 15.
dxc7 Bb6+ 16. Kh1 Kxc7 17. Qxe6 Nd7 18. Rd1 Re8 19. Qd6+ Kc8 20. Bg5 Qc7 21. Na3
Bc5 22. Qxc7+ Kxc7 23. Rd5 Bxa3 24. bxa3 Rf8 25. Rad1 Rf7 26. h3 Rg8 27. Be3 b6
28. Bg1 Rfg7 29. Bh2 Re7 30. g4 Rg5 31. c4 h5 32. gxh5 Rxh5 33. R1d3 Rf7 34. Kg2
Re7 35. a4 Nf6 36. Rd8 Nxe4 37. Ra8 Rg7+ 38. Kf3 Kb7 39. Re8 Nf6 40. Rxe5 Rxh3+
41. Ke2 Rxh2+ 42. Kd1 Rxa2 43. Rd2 Ra1+ 44. Ke2 Rxa4 45. c5 Rg2+ 0-1

[Event "AUTO-ADV-3155"]
[Site "http://www.queenalice.com/game.php?id=1285190"]
[Date "2014.5.31"]
[Round "1"]
[White "AlfilesDelRey"]
[Black "novoselic"]
[Result "0-1"]
[WhiteElo "1969"]
[BlackElo "2008"]

1. e4 d6 2. Nc3 e5 3. Bc4 Nf6 4. d3 Be7 5. Qe2 O-O 6. Qf3 Bg4 7. Qg3 Nc6 8. f3
Be6 9. Bh6 Nh5 10. Qf2 gxh6 11. Nge2 Kh8 12. a3 Bxc4 13. dxc4 f5 14. h4 fxe4 15.
Nxe4 Nf4 16. O-O-O Nxe2+ 17. Qxe2 Nd4 18. Qe3 Rf4 19. Rxd4 Rxh4 20. Rdd1 Rxh1
21. Rxh1 Bg5 22. Nxg5 Qxg5 23. Qd2 Kg7 24. g4 Rf8 25. Rh3 Kg6 26. b4 b6 27. Kd1
e4 28. c3 Qxd2+ 29. Kxd2 Rxf3 30. Rxf3 exf3 31. Ke3 Kg5 32. Kxf3 Kh4 33. a4 c5
34. Kf4 Kh3 35. a5 bxa5 36. bxa5 a6 37. Kf3 Kh4 38. Kf4 h5 39. gxh5 Kxh5 40. Kf5
h6 41. Kf4 Kg6 42. Kg4 h5+ 43. Kh4 Kh6 44. Kg3 Kg5 45. Kf3 h4 46. Kg2 Kg4 47.
Kh2 h3 48. Kg1 Kg3 49. Kh1 Kf3 50. Kh2 Ke3 51. Kxh3 Kd3 52. Kg4 Kxc3 53. Kf5
Kxc4 54. Ke6 d5 55. Kd6 d4 56. Ke5 d3 57. Kf4 Kc3 0-1

[Event "AUTO-ADV-3155"]
[Site "http://www.queenalice.com/game.php?id=1285205"]
[Date "2014.5.31"]
[Round "1"]
[White "juanluciano"]
[Black "AlfilesDelRey"]
[Result "0-1"]
[WhiteElo "1709"]
[BlackElo "1874"]

1. e4 e5 2. Nf3 Nc6 3. d4 Bd6 4. Bc4 h6 5. O-O Qf6 6. c3 Nge7 7. dxe5 Bxe5 8.
Be3 O-O 9. Nbd2 d6 10. h3 Be6 11. Bxe6 fxe6 12. Nxe5 dxe5 13. Qb3 b6 14. Nf3 Na5
15. Qc2 Nc4 16. Qe2 b5 17. b3 Nxe3 18. Qxe3 Ng6 19. Rfd1 Nf4 20. Kh2 h5 21. Rd7
Rf7 22. Rad1 Raf8 23. Rxf7 Rxf7 24. Qxa7 Nxg2 0-1

[Event "AUTO-ADV-3155"]
[Site "http://www.queenalice.com/game.php?id=1285206"]
[Date "2014.5.31"]
[Round "1"]
[White "AlfilesDelRey"]
[Black "juanluciano"]
[Result "1-0"]
[WhiteElo "1883"]
[BlackElo "1702"]

1. e4 e5 2. f4 exf4 3. Bc4 d5 4. Bxd5 Qh4+ 5. Kf1 Bd6 6. Qe2 Ne7 7. Qd3 Nxd5 8.
Qxd5 Nd7 9. d3 O-O 10. Nf3 Qe7 11. Bd2 Nf6 12. Qb3 Nd7 13. Qc3 c6 14. a3 h6 15.
g4 fxg3 16. hxg3 Ne5 17. d4 Nxf3 18. Qxf3 Re8 19. Nc3 b5 20. e5 Bb8 21. Re1 Qe6
22. Rh4 a5 23. Nxb5 Bd7 24. Kf2 Ra6 25. Nc3 Bc7 26. Ne4 Rf8 27. Reh1 Bd8 28. Nc5
1-0

[Event "AUTO-ADV-3155"]
[Site "http://www.queenalice.com/game.php?id=1285217"]
[Date "2014.5.31"]
[Round "1"]
[White "AlfilesDelRey"]
[Black "pgierech"]
[Result "0-1"]
[WhiteElo "1973"]
[BlackElo "2041"]

1. e4 d6 2. d4 Nf6 3. Nc3 g6 4. b3 Bg7 5. Bb2 O-O 6. d5 c6 7. Bc4 Nxe4 8. Qf3
Nf6 9. h3 Nbd7 10. O-O-O c5 11. g4 Ne5 12. Qe2 Nxc4 13. Qxc4 a6 14. Nf3 b5 15.
Qf4 Bd7 16. Ne4 Nxe4 17. Qxe4 Qa5 18. Bxg7 Kxg7 19. Kb2 Rfe8 20. h4 f6 21. h5 f5
22. h6+ Kg8 23. Qe1 b4 24. a4 bxa3+ 25. Ka2 Qb4 26. Qxb4 cxb4 27. Rd4 a5 28. c4
a4 29. Rd2 axb3+ 30. Kxb3 fxg4 31. Nd4 Reb8 32. Rg1 Kf7 33. f3 Ba4+ 34. Ka2 b3+
35. Kxa3 b2 36. Nb5 Bxb5+ 37. Kxb2 Bxc4+ 38. Kc3 Rc8 39. Kd4 Ra4 40. fxg4 e5+
41. dxe6+ Bxe6+ 42. Ke3 Rc3+ 43. Kf2 Rf4+ 44. Ke1 Rc1+ 45. Rd1 Rxd1+ 46. Kxd1
Bxg4+ 47. Kd2 Kf6 48. Ke3 Rb4 49. Rh1 Ke5 50. Rf1 Rb3+ 51. Kd2 Bf5 52. Re1+ Kd4
53. Re7 Rb2+ 54. Ke1 g5 55. Kf1 g4 0-1

[Event "AUTO-ADV-3155"]
[Site "http://www.queenalice.com/game.php?id=1285218"]
[Date "2014.5.31"]
[Round "1"]
[White "pgierech"]
[Black "AlfilesDelRey"]
[Result "0-1"]
[WhiteElo "2014"]
[BlackElo "1955"]

1. e4 e5 2. f4 exf4 3. Nf3 Be7 4. Bc4 Bh4+ 5. Nxh4 Qxh4+ 6. Kf1 Qf6 7. d4 d6 8.
Nc3 c6 9. Ne2 f3 10. Nf4 g5 11. Nh5 fxg2+ 12. Kxg2 Qg6 13. Ng3 h5 14. Rf1 Be6
15. Bxe6 fxe6 16. c3 Nf6 17. Qb3 Nfd7 18. Bd2 h4 19. Ne2 Qxe4+ 20. Kf2 g4 21.
Kg1 c5 22. Rae1 h3 23. Nf4 c4 24. Qxc4 Nb6 25. Qb5+ Qc6 26. Rxe6+ Kd8 27. Qg5+
Kc7 28. Qg7+ N8d7 29. Re3 Rag8 30. Qf7 Rf8 31. d5 Rxf7 32. dxc6 Kxc6 33. Rg3
Rhf8 34. Rxg4 Ne5 35. Rh4 Rg8+ 36. Kh1 Rg2 37. Bc1 Nd5 38. b3 Ng6 39. Rxh3 Ndxf4
40. Bxf4 Rg4 41. Rd1 Nxf4 42. Rh6 Nd5 43. c4 Ne3 44. Rdxd6+ Kc5 45. Rdf6 Rfg7
46. Rh5+ Kb4 47. h4 Rg1+ 48. Kh2 a6 49. Rf3 Nf1+ 0-1

[Event "AUTO-OPEN-3148"]
[Site "http://www.queenalice.com/game.php?id=1288644"]
[Date "2014.6.16"]
[Round "2"]
[White "AlfilesDelRey"]
[Black "sivip"]
[Result "1-0"]
[WhiteElo "1921"]
[BlackElo "2184"]

1. e4 c5 2. Nf3 d6 3. d4 cxd4 4. Nxd4 Nf6 5. Nc3 a6 6. Bc4 e6 7. O-O b5 8. Be2
Be7 9. Bf3 Ra7 10. Qe2 O-O 11. Nb3 Nc6 12. e5 Nxe5 13. Be3 Rd7 14. Bd4 Nxf3+ 15.
gxf3 e5 16. Be3 1-0

[Event "AUTO-OPEN-3148"]
[Site "http://www.queenalice.com/game.php?id=1288645"]
[Date "2014.6.16"]
[Round "2"]
[White "sivip"]
[Black "AlfilesDelRey"]
[Result "0-1"]
[WhiteElo "2205"]
[BlackElo "1892"]

1. e4 e5 2. Nf3 Nc6 3. Bc4 h6 4. O-O g5 5. d4 g4 6. Nxe5 Nxe5 7. dxe5 h5 8. Nc3
Bh6 9. Bxh6 Rxh6 10. Qd4 c6 11. Rad1 Qe7 12. a4 b6 13. f4 Bb7 14. Rd2 O-O-O 15.
a5 c5 0-1